[Event "European Team-ch 2007"]
[Site "Crete GRE"]
[Date "2007.11.03"]
[Round "6.14"]
[White "Atlas, Valery"]
[Black "Sepp, Olav"]
[Result "1/2-1/2"]
[WhiteElo "2482"]
[BlackElo "2457"]
[PlyCount "120"]
[EventDate "2007.10.28"]
[EventType "team"]
[EventRounds "9"]
[EventCountry "GRE"]
[Source "lmi"]
[SourceDate "2007.10.28"]
[WhiteTeam "Austria"]
[BlackTeam "Estonia"]
[WhiteTeamCountry "AUT"]
[BlackTeamCountry "EST"]

1. e4 e5 2. Nf3 Nc6 3. Bc4 Nf6 4. d3 Be7 5. O-O O-O 6. Bb3 d6 7. c3 Na5 8. Bc2
c5 9. Nbd2 Nc6 10. Re1 Re8 11. Nf1 h6 12. Ng3 Bf8 13. h3 Be6 14. d4 cxd4 15.
cxd4 exd4 16. Nxd4 Nxd4 17. Qxd4 Rc8 18. Qd1 g6 19. Be3 Bg7 20. Re2 d5 21. e5
Nd7 22. f4 Qh4 23. Nf1 Nc5 24. Qe1 Qxe1 25. Raxe1 b6 26. Ng3 Bd7 27. Rd1 Bb5
28. Rf2 Rcd8 29. b4 Na6 30. a3 Nc7 31. Rfd2 Rc8 32. Ne2 Bxe2 33. Rxe2 Nb5 34.
Bd4 Nxa3 35. Ba4 Red8 36. Ra2 Nc4 37. Bb5 Rc7 38. Rda1 Nd6 39. Bd3 Rdd7 40.
Bxb6 axb6 41. exd6 Bxa1 42. dxc7 Bd4+ 43. Kf1 Rxc7 44. Ra8+ Kg7 45. Rd8 Bc3 46.
Rxd5 Bxb4 47. g4 Re7 48. Kg2 Bc5 49. h4 Ra7 50. Kf3 Be7 51. h5 g5 52. fxg5 Bxg5
53. Bf5 Ra3+ 54. Ke2 Re3+ 55. Kd1 Be7 56. Kd2 Rg3 57. Ke2 Bc5 58. Bd7 Kf6 59.
Kd1 Ke7 60. Bf5 Bd6 1/2-1/2

[Event "European Team-ch 2007"]
[Site "Crete GRE"]
[Date "2007.11.03"]
[Round "6.14"]
[White "Lauk, Ular"]
[Black "Weiss, Christian"]
[Result "1-0"]
[WhiteElo "2414"]
[BlackElo "2460"]
[PlyCount "81"]
[EventDate "2007.10.28"]
[EventType "team"]
[EventRounds "9"]
[EventCountry "GRE"]
[Source "lmi"]
[SourceDate "2007.10.28"]
[WhiteTeam "Estonia"]
[BlackTeam "Austria"]
[WhiteTeamCountry "EST"]
[BlackTeamCountry "AUT"]

1. e4 c5 2. Nf3 e6 3. d4 cxd4 4. Nxd4 a6 5. Bd3 Nf6 6. Qe2 Nc6 7. Nxc6 dxc6 8.
Nd2 e5 9. Nc4 Be6 10. a4 Nd7 11. a5 Qc7 12. c3 Bc5 13. O-O O-O 14. Be3 Rad8 15.
Rfd1 Rfe8 16. h3 h6 17. Qf3 Bxe3 18. Qxe3 c5 19. Bf1 Nf6 20. Nb6 Rd6 21. Rxd6
Qxd6 22. Nc4 Bxc4 23. Bxc4 Rd8 24. Ra3 Qd1+ 25. Kh2 Qc2 26. Rb3 Nxe4 27. Rxb7
Nd6 28. Bb3 Qf5 29. Rb6 c4 30. Ba4 e4 31. Rxa6 Qe5+ 32. Qg3 Qe7 33. Bc6 f6 34.
Ra8 Rxa8 35. Bxa8 Nf5 36. Qb8+ Kf7 37. a6 e3 38. fxe3 Nxe3 39. Qb6 Qe5+ 40. Kg1
Nf5 41. Qf2 1-0

[Event "European Team-ch 2007"]
[Site "Crete GRE"]
[Date "2007.11.03"]
[Round "6.14"]
[White "Neubauer, Martin"]
[Black "Liiva, Riho"]
[Result "0-1"]
[WhiteElo "2453"]
[BlackElo "2442"]
[PlyCount "84"]
[EventDate "2007.10.28"]
[EventType "team"]
[EventRounds "9"]
[EventCountry "GRE"]
[Source "lmi"]
[SourceDate "2007.10.28"]
[WhiteTeam "Austria"]
[BlackTeam "Estonia"]
[WhiteTeamCountry "AUT"]
[BlackTeamCountry "EST"]

1. e4 e5 2. Nf3 Nc6 3. Bb5 a6 4. Bxc6 dxc6 5. O-O Be7 6. Na3 b5 7. c3 Bg4 8. h3
Bxf3 9. Qxf3 Bxa3 10. bxa3 Ne7 11. d4 exd4 12. Rd1 O-O 13. cxd4 Nc8 14. d5 cxd5
15. Rxd5 Qe7 16. Bb2 Nd6 17. Qg4 g6 18. Qf4 f6 19. f3 Nc4 20. Bd4 c6 21. Bc5
Qe6 22. Rd3 Rfd8 23. Rad1 Rxd3 24. Rxd3 Qf7 25. Qc1 Re8 26. Rd4 Re5 27. Rd8+
Re8 28. Rd4 Re5 29. Qd1 Re8 30. Rd7 Qe6 31. Bb4 a5 32. Bc3 Re7 33. Rd8+ Kf7 34.
Rh8 Kg7 35. Qd8 Qf7 36. Rg8+ Qxg8 37. Qxe7+ Qf7 38. Bxf6+ Kg8 39. Qd8+ Qf8 40.
Qd4 Qxa3 41. Qd7 Qe3+ 42. Kh1 Qc1+ 0-1

[Event "European Team-ch 2007"]
[Site "Crete GRE"]
[Date "2007.11.03"]
[Round "6.15"]
[White "Winants, Luc"]
[Black "Sulskis, Sarunas"]
[Result "1/2-1/2"]
[WhiteElo "2504"]
[BlackElo "2527"]
[PlyCount "88"]
[EventDate "2007.10.28"]
[EventType "team"]
[EventRounds "9"]
[EventCountry "GRE"]
[Source "lmi"]
[SourceDate "2007.10.28"]
[WhiteTeam "Belgium"]
[BlackTeam "Lithuania"]
[WhiteTeamCountry "BEL"]
[BlackTeamCountry "LTU"]

1. d4 Nf6 2. c4 e6 3. Nc3 Bb4 4. e3 Bxc3+ 5. bxc3 d6 6. Bd3 e5 7. e4 c5 8. Ne2
Nh5 9. h4 Nc6 10. f3 b6 11. g4 Nf4 12. Nxf4 exf4 13. Bc2 O-O 14. Bxf4 Ba6 15.
h5 Bxc4 16. Qd2 b5 17. Be3 b4 18. h6 g6 19. Ba4 Rc8 20. Bxc6 Rxc6 21. cxb4 cxb4
22. d5 Rc7 23. Qxb4 f5 24. gxf5 Qf6 25. Rc1 Rfc8 26. Kf2 gxf5 27. Rhg1+ Kf8 28.
exf5 a5 29. Qd2 Qh4+ 30. Rg3 Bf1 31. Rxc7 Rxc7 32. Qe1 Bd3 33. Kg1 Qf6 34. Rg2
Bxf5 35. Qg3 Bg6 36. Bf4 Rd7 37. Kh2 Kf7 38. Re2 Qf5 39. Bxd6 Qh5+ 40. Kg2 Qxd5
41. Be5 Qc4 42. Kf2 Re7 43. Qg5 Qd5 44. Qf6+ Ke8 1/2-1/2

[Event "European Team-ch 2007"]
[Site "Crete GRE"]
[Date "2007.11.03"]
[Round "6.15"]
[White "Kveinys, Aloyzas"]
[Black "Polaczek, Richard"]
[Result "1-0"]
[WhiteElo "2517"]
[BlackElo "2425"]
[PlyCount "81"]
[EventDate "2007.10.28"]
[EventType "team"]
[EventRounds "9"]
[EventCountry "GRE"]
[Source "lmi"]
[SourceDate "2007.10.28"]
[WhiteTeam "Lithuania"]
[BlackTeam "Belgium"]
[WhiteTeamCountry "LTU"]
[BlackTeamCountry "BEL"]

1. c4 e6 2. Nf3 Nf6 3. d4 b6 4. a3 Bb7 5. Nc3 g6 6. Qc2 Bg7 7. e4 d6 8. Be2 O-O
9. O-O Nbd7 10. Re1 h6 11. h3 Nh7 12. Bf1 c6 13. Be3 Rc8 14. b4 a6 15. c5 d5
16. cxb6 Nxb6 17. e5 Ra8 18. Nd2 a5 19. bxa5 Rxa5 20. Nb3 Ra8 21. Nc5 Bc8 22.
Bd3 Re8 23. a4 Nf8 24. Na2 Nfd7 25. Nb4 Nxc5 26. dxc5 Nd7 27. Nxc6 Qc7 28. Bb5
Rf8 29. f4 Kh7 30. Rac1 f6 31. Nd4 Nb8 32. exf6 Bxf6 33. c6 Na6 34. Nf3 Rf7 35.
Ne5 Bxe5 36. fxe5 Qxe5 37. Qd2 Qg7 38. Bd4 Qf8 39. Rf1 Rf5 40. g4 Rf3 41. Kg2
1-0

[Event "European Team-ch 2007"]
[Site "Crete GRE"]
[Date "2007.11.03"]
[Round "6.15"]
[White "Dutreeuw, Marc"]
[Black "Malisauskas, Vidmantas"]
[Result "1/2-1/2"]
[WhiteElo "2391"]
[BlackElo "2495"]
[PlyCount "119"]
[EventDate "2007.10.28"]
[EventType "team"]
[EventRounds "9"]
[EventCountry "GRE"]
[Source "lmi"]
[SourceDate "2007.10.28"]
[WhiteTeam "Belgium"]
[BlackTeam "Lithuania"]
[WhiteTeamCountry "BEL"]
[BlackTeamCountry "LTU"]

1. e4 c5 2. Nf3 d6 3. d4 cxd4 4. Nxd4 Nf6 5. Nc3 a6 6. g3 e5 7. Nf3 h6 8. Bg2
Be6 9. O-O Nbd7 10. b3 Rc8 11. Bb2 b5 12. Re1 Be7 13. Qd2 O-O 14. Nh4 Qc7 15.
Rac1 Nb6 16. Nd1 Ng4 17. Nf3 Rfd8 18. Qa5 Nd7 19. Qxc7 Rxc7 20. h3 Ngf6 21. Nd2
d5 22. exd5 Nxd5 23. a3 Bg5 24. Ne3 Nxe3 25. fxe3 Rdc8 26. h4 Bf6 27. c4 Nc5
28. Bf1 Rd7 29. Rc2 Nd3 30. Bxd3 Rxd3 31. Kf2 Be7 32. Rec1 Rcd8 33. Nf3 f6 34.
cxb5 axb5 35. b4 Bf8 36. Bc3 Ra8 37. Bb2 h5 38. Rc3 Rdd8 39. R1c2 Kf7 40. Rd2
Kg6 41. Rxd8 Rxd8 42. Rc6 Kf7 43. Rc7+ Ke8 44. Ke1 Bg4 45. Nd2 Be7 46. Rc1 Rd7
47. Bc3 Rd3 48. Kf2 f5 49. Nf3 Bxf3 50. Kxf3 e4+ 51. Ke2 g6 52. Be1 Rxa3 53.
Rc6 Ra2+ 54. Kf1 Ra1 55. Ke2 Rb1 56. Rxg6 Kf7 57. Rh6 Bxb4 58. Bxb4 Rxb4 59.
Rxh5 Rb2+ 60. Kf1 1/2-1/2

[Event "European Team-ch 2007"]
[Site "Crete GRE"]
[Date "2007.11.03"]
[Round "6.15"]
[White "Zagorskis, Darius"]
[Black "Gulbas, Cemil"]
[Result "1-0"]
[WhiteElo "2472"]
[BlackElo "2365"]
[PlyCount "81"]
[EventDate "2007.10.28"]
[EventType "team"]
[EventRounds "9"]
[EventCountry "GRE"]
[Source "lmi"]
[SourceDate "2007.10.28"]
[WhiteTeam "Lithuania"]
[BlackTeam "Belgium"]
[WhiteTeamCountry "LTU"]
[BlackTeamCountry "BEL"]

1. c4 c5 2. Nf3 Nc6 3. Nc3 g6 4. e3 Bg7 5. d4 d6 6. Be2 cxd4 7. exd4 Bg4 8. d5
Nb8 9. Bd2 Nf6 10. h3 Bc8 11. O-O O-O 12. Re1 a6 13. Bf1 b6 14. Rc1 Bb7 15. Be3
Nbd7 16. b4 Rc8 17. Qd2 Re8 18. Nd4 Qc7 19. Nb3 Qb8 20. Bd4 Ba8 21. a4 Ne5 22.
Na2 b5 23. cxb5 Bxd5 24. Na5 Ne4 25. Qe3 Rxc1 26. Rxc1 axb5 27. Bxb5 Rc8 28.
Bxe5 Bxe5 29. Nc6 Bxc6 30. Bxc6 Nf6 31. b5 d5 32. g3 h5 33. Nb4 h4 34. Nd3 Bd6
35. g4 e6 36. a5 e5 37. b6 e4 38. a6 Bh2+ 39. Kg2 Qd6 40. a7 d4 41. b7 1-0

[Event "European Team-ch 2007"]
[Site "Crete GRE"]
[Date "2007.11.03"]
[Round "6.16"]
[White "Godena, Michele"]
[Black "Agopov, Mikael"]
[Result "1/2-1/2"]
[WhiteElo "2535"]
[BlackElo "2440"]
[PlyCount "81"]
[EventDate "2007.10.28"]
[EventType "team"]
[EventRounds "9"]
[EventCountry "GRE"]
[Source "lmi"]
[SourceDate "2007.10.28"]
[WhiteTeam "Italy"]
[BlackTeam "Finland"]
[WhiteTeamCountry "ITA"]
[BlackTeamCountry "FIN"]

1. e4 c5 2. c3 Nf6 3. e5 Nd5 4. Nf3 Nc6 5. d4 cxd4 6. cxd4 d6 7. Bc4 Nb6 8. Bb5
dxe5 9. Nxe5 Bd7 10. Nxd7 Qxd7 11. Nc3 Rd8 12. O-O a6 13. Bxc6 Qxc6 14. Bg5 h6
15. Be3 Nd5 16. Rc1 e6 17. Qg4 h5 18. Qg5 Nf6 19. d5 Nxd5 20. Rfd1 Be7 21. Qxg7
Bf6 22. Qg3 Nxc3 23. Rxd8+ Kxd8 24. bxc3 Ke7 25. Bg5 Rc8 26. Qf4 Bxg5 27. Qxg5+
Ke8 28. Qg8+ Ke7 29. Qg5+ Ke8 30. Qxh5 b5 31. h3 Qc4 32. a3 Rd8 33. Re1 Rd3 34.
h4 Qd5 35. Qh8+ Ke7 36. h5 Qg5 37. Qa8 Qxh5 38. Qxa6 Rxc3 39. Qa7+ Kf8 40. Qd4
Rc4 41. Qd6+ 1/2-1/2

[Event "European Team-ch 2007"]
[Site "Crete GRE"]
[Date "2007.11.03"]
[Round "6.16"]
[White "Karttunen, Mika"]
[Black "Caruana, Fabiano"]
[Result "1/2-1/2"]
[WhiteElo "2427"]
[BlackElo "2594"]
[PlyCount "80"]
[EventDate "2007.10.28"]
[EventType "team"]
[EventRounds "9"]
[EventCountry "GRE"]
[Source "lmi"]
[SourceDate "2007.10.28"]
[WhiteTeam "Finland"]
[BlackTeam "Italy"]
[WhiteTeamCountry "FIN"]
[BlackTeamCountry "ITA"]

1. d4 e6 2. Nf3 c5 3. c3 d5 4. Bg5 f6 5. Bf4 Nc6 6. e3 Nge7 7. Bd3 g5 8. Bg3 h5
9. h3 Nf5 10. Bxf5 exf5 11. dxc5 Bxc5 12. Nbd2 Qe7 13. Nb3 Bb6 14. Qe2 Kf7 15.
h4 f4 16. exf4 Qxe2+ 17. Kxe2 g4 18. Nfd4 Bxd4 19. Nxd4 Nxd4+ 20. cxd4 Re8+ 21.
Kd2 Re4 22. f3 Rxd4+ 23. Ke3 Rb4 24. b3 gxf3 25. gxf3 Bf5 26. Rhd1 d4+ 27. Kd2
a5 28. Rdc1 a4 29. Rc4 Rb5 30. b4 d3 31. a3 Re8 32. Rc7+ Kg6 33. Re1 Rxe1 34.
Bxe1 Rb6 35. Bf2 Rc6 36. Rxc6 bxc6 37. Ke3 Kf7 38. Be1 Ke6 39. Kd4 Kd6 40. Bd2
Bg6 1/2-1/2

[Event "European Team-ch 2007"]
[Site "Crete GRE"]
[Date "2007.11.03"]
[Round "6.16"]
[White "Brunello, Sabino"]
[Black "Westerinen, Heikki M J"]
[Result "1-0"]
[WhiteElo "2489"]
[BlackElo "2371"]
[PlyCount "89"]
[EventDate "2007.10.28"]
[EventType "team"]
[EventRounds "9"]
[EventCountry "GRE"]
[Source "lmi"]
[SourceDate "2007.10.28"]
[WhiteTeam "Italy"]
[BlackTeam "Finland"]
[WhiteTeamCountry "ITA"]
[BlackTeamCountry "FIN"]

1. e4 e6 2. d4 d5 3. Nd2 dxe4 4. Nxe4 Qd5 5. Nc3 Bb4 6. Nf3 Nf6 7. Bd3 b6 8.
O-O Bxc3 9. bxc3 Ba6 10. Ba3 Bxd3 11. Qxd3 Nbd7 12. c4 Qe4 13. Rfe1 Qxd3 14.
cxd3 c6 15. Bd6 h6 16. Ne5 Nxe5 17. dxe5 Kd7 18. a4 Ne8 19. Ba3 Rd8 20. a5 Kc7
21. axb6+ axb6 22. Be7 Rxd3 23. c5 bxc5 24. Bxc5 Kd7 25. Ra8 Rd5 26. Ba3 c5 27.
g3 f6 28. Rb1 Rxe5 29. Rb7+ Kc6 30. Re7 Re1+ 31. Kg2 Ra1 32. Rc8+ Kd5 33. Bb2
Rb1 34. Bc3 Kc4 35. Bd2 Kd3 36. Be3 c4 37. Rexe8 Rxe8 38. Rxe8 e5 39. Re7 g5
40. Re6 c3 41. Rxf6 c2 42. Rd6+ Kc3 43. Rxh6 g4 44. Rc6+ Kb2 45. h4 1-0

[Event "European Team-ch 2007"]
[Site "Crete GRE"]
[Date "2007.11.03"]
[Round "6.16"]
[White "Keskinen, Sauli"]
[Black "Manca, Federico"]
[Result "1-0"]
[WhiteElo "2298"]
[BlackElo "2405"]
[PlyCount "135"]
[EventDate "2007.10.28"]
[EventType "team"]
[EventRounds "9"]
[EventCountry "GRE"]
[Source "lmi"]
[SourceDate "2007.10.28"]
[WhiteTeam "Finland"]
[BlackTeam "Italy"]
[WhiteTeamCountry "FIN"]
[BlackTeamCountry "ITA"]

1. e4 d6 2. Nc3 Nf6 3. g3 g6 4. Bg2 Bg7 5. d3 c5 6. Be3 Nc6 7. h3 O-O 8. Qd2
Rb8 9. Bh6 e5 10. Nge2 Nd4 11. Bxg7 Kxg7 12. f4 b6 13. O-O Bb7 14. g4 Nxe2+ 15.
Nxe2 exf4 16. Rxf4 Qe7 17. c3 Rbd8 18. Raf1 Ne8 19. d4 cxd4 20. cxd4 Rc8 21.
Nc3 Nc7 22. g5 Ne6 23. Rf6 Rc4 24. b3 Rcc8 25. Nd5 Bxd5 26. exd5 Nc7 27. Rc1
Na6 28. Rc6 Rfd8 29. Qc3 Rc7 30. Bf1 Rxc6 31. dxc6 Nc7 32. Bg2 Ne8 33. Rf2 Qxg5
34. Qc4 Qe7 35. Re2 Qc7 36. d5 Kf8 37. Qd4 Kg8 38. h4 Ng7 39. Bh3 h5 40. Qc3
Re8 41. Rxe8+ Nxe8 42. Bd7 Ng7 43. Qf6 b5 44. Kf1 Kf8 45. Ke2 Kg8 46. b4 a5 47.
a3 axb4 48. axb4 Kf8 49. Kf3 Kg8 50. Qe7 Qb8 51. Be6 fxe6 52. c7 Qb7 53. Qxd6
Kh7 54. Qd8 Qa6 55. c8=Q Qa3+ 56. Ke2 Qb2+ 57. Kd3 Qb3+ 58. Qc3 Qd1+ 59. Qd2
Qb3+ 60. Ke4 Nf5 61. Qc7+ Kg8 62. Qc8+ Kh7 63. dxe6 Qb1+ 64. Ke5 Qa1+ 65. Qdc3
Qa2 66. Qd7+ Ng7 67. Kd6 Qa6+ 68. Kc5 1-0

[Event "European Team-ch 2007"]
[Site "Crete GRE"]
[Date "2007.11.03"]
[Round "6.17"]
[White "Jones, Richard S"]
[Black "Djukic, Nikola"]
[Result "0-1"]
[WhiteElo "2327"]
[BlackElo "2528"]
[PlyCount "96"]
[EventDate "2007.10.28"]
[EventType "team"]
[EventRounds "9"]
[EventCountry "GRE"]
[Source "lmi"]
[SourceDate "2007.10.28"]
[WhiteTeam "Wales"]
[BlackTeam "MNE"]
[WhiteTeamCountry "WLS"]

1. e4 c5 2. Nf3 Nc6 3. d4 cxd4 4. Nxd4 Qc7 5. Nc3 e6 6. Be3 a6 7. Qd2 Nf6 8.
O-O-O Be7 9. f3 b5 10. g4 Bb7 11. Kb1 Rc8 12. Be2 O-O 13. g5 Nh5 14. Nb3 Ne5
15. Qc1 Ng6 16. Bf1 f5 17. gxf6 Bxf6 18. Nc5 Bc6 19. Ne2 Be7 20. Bh3 Kh8 21.
Nd3 Bd6 22. Nd4 Bb7 23. Qd2 Ngf4 24. Bf1 Nxd3 25. Bxd3 Bf4 26. Bxf4 Qxf4 27.
Be2 Rf6 28. h4 Qxd2 29. Rxd2 Nf4 30. Bd1 d5 31. exd5 Bxd5 32. Rg1 Rcf8 33. c3
Rh6 34. Rg4 Ng6 35. Rh2 e5 36. Nb3 Be6 37. Rb4 Ne7 38. Kc1 Bc4 39. Na5 Nd5 40.
Rxc4 bxc4 41. Nxc4 g5 42. Nxe5 Rxh4 43. Re2 Rh1 44. Kd2 Nf4 45. Re4 Rd8+ 46.
Rd4 Rh2+ 47. Kc1 Rxd4 48. cxd4 Kg7 0-1

[Event "European Team-ch 2007"]
[Site "Crete GRE"]
[Date "2007.11.03"]
[Round "6.17"]
[White "Ivanovic, Bozidar"]
[Black "Kett, Tim"]
[Result "1/2-1/2"]
[WhiteElo "2434"]
[BlackElo "2257"]
[PlyCount "91"]
[EventDate "2007.10.28"]
[EventType "team"]
[EventRounds "9"]
[EventCountry "GRE"]
[Source "lmi"]
[SourceDate "2007.10.28"]
[WhiteTeam "MNE"]
[BlackTeam "Wales"]
[BlackTeamCountry "WLS"]

1. e4 e5 2. Nf3 Nc6 3. Bc4 Nf6 4. d3 Be7 5. O-O O-O 6. Re1 d6 7. a4 Bg4 8. h3
Bh5 9. c3 d5 10. exd5 Nxd5 11. a5 Qd6 12. Nbd2 Rad8 13. Ne4 Qd7 14. Ng3 Bxf3
15. Qxf3 g6 16. Bh6 Rfe8 17. a6 b6 18. Nh5 f5 19. b4 gxh5 20. Qg3+ Kf7 21. b5
Bf6 22. bxc6 Qxc6 23. Qf3 Kg6 24. Bd2 h6 25. Qg3+ Kh7 26. Bb3 Rg8 27. Qf3 Rg6
28. d4 e4 29. Qxf5 e3 30. fxe3 Nxe3 31. Qxg6+ Kxg6 32. Rxe3 Re8 33. Rg3+ Kh7
34. Rf1 Re2 35. Bf4 Rb2 36. Bg8+ Kh8 37. Bf7 Qb5 38. Rg8+ Kh7 39. Rg3 Bg5 40.
Bxg5 hxg5 41. c4 Qxa6 42. Rxg5 Qa3 43. Rxh5+ Kg7 44. Rg5+ Kh7 45. Rh5+ Kg7 46.
Rg5+ 1/2-1/2

[Event "European Team-ch 2007"]
[Site "Crete GRE"]
[Date "2007.11.03"]
[Round "6.17"]
[White "Spice, Alan"]
[Black "Blagojevic, Dragisa"]
[Result "0-1"]
[WhiteElo "2170"]
[BlackElo "2513"]
[PlyCount "64"]
[EventDate "2007.10.28"]
[EventType "team"]
[EventRounds "9"]
[EventCountry "GRE"]
[Source "lmi"]
[SourceDate "2007.10.28"]
[WhiteTeam "Wales"]
[BlackTeam "MNE"]
[WhiteTeamCountry "WLS"]

1. Nc3 Nf6 2. e4 e5 3. Bc4 Nc6 4. d3 Na5 5. Nge2 c6 6. a3 Nxc4 7. dxc4 d6 8.
Qd3 a6 9. a4 Be7 10. O-O O-O 11. b3 Qc7 12. a5 Be6 13. Rd1 d5 14. cxd5 cxd5 15.
Nxd5 Bxd5 16. exd5 Nxd5 17. c4 Nb4 18. Qc3 Rfd8 19. Bb2 f6 20. Qh3 Rxd1+ 21.
Rxd1 Rd8 22. Nc3 Rxd1+ 23. Nxd1 Qxa5 24. Bc3 Qd8 25. Qe6+ Kf8 26. Ne3 Nd3 27.
Nd5 Nf4 28. Qxe7+ Qxe7 29. Nxe7 Kxe7 30. Kf1 Kd6 31. g3 Ne6 32. Ke1 Kc5 0-1

[Event "European Team-ch 2007"]
[Site "Crete GRE"]
[Date "2007.11.03"]
[Round "6.17"]
[White "Kosic, Dragan"]
[Black "Trevelyan, John"]
[Result "1-0"]
[WhiteElo "2482"]
[BlackElo "2191"]
[PlyCount "119"]
[EventDate "2007.10.28"]
[EventType "team"]
[EventRounds "9"]
[EventCountry "GRE"]
[Source "lmi"]
[SourceDate "2007.10.28"]
[WhiteTeam "MNE"]
[BlackTeam "Wales"]
[BlackTeamCountry "WLS"]

1. d4 d6 2. Nf3 Nf6 3. c4 Nbd7 4. Nc3 e5 5. e4 Be7 6. Be2 O-O 7. O-O c6 8. Be3
h6 9. Qc2 Nh7 10. Rad1 Ng5 11. Bxg5 Bxg5 12. dxe5 dxe5 13. Nxe5 Qc7 14. Nxd7
Bxd7 15. f4 Be7 16. Kh1 Rad8 17. e5 f6 18. exf6 Rxf6 19. Qe4 Bd6 20. g3 Bh3 21.
c5 Bf8 22. Rxd8 Qxd8 23. Rd1 Qe7 24. Qxe7 Bxe7 25. Ne4 Rf8 26. Bc4+ Kh8 27. Nd6
g5 28. fxg5 hxg5 29. Kg1 Bf6 30. Rd2 b6 31. cxb6 axb6 32. Ne4 b5 33. Be2 Bd8
34. g4 Bb6+ 35. Kh1 Bxg4 36. Bxg4 Rf4 37. Nxg5 Rxg4 38. Nf3 c5 39. Rd6 Ba5 40.
Ra6 Ra4 41. a3 c4 42. Nd4 c3 43. b4 Bc7 44. Rc6 Rxa3 45. Rxc7 Ra1+ 46. Kg2 Ra2+
47. Kg3 Rb2 48. Nxb5 Rxb4 49. Nxc3 Rd4 50. h4 Rb4 51. Nd5 Ra4 52. Nf4 Kg8 53.
Kg4 Ra5 54. h5 Ra6 55. Kg5 Ra5+ 56. Kf6 Ra6+ 57. Ne6 Kh8 58. Re7 Rb6 59. Kg6
Rb8 60. Ng7 1-0

[Event "European Team-ch 2007"]
[Site "Crete GRE"]
[Date "2007.11.03"]
[Round "6.18"]
[White "Efimov, Igor"]
[Black "Lupulescu, Constantin"]
[Result "1/2-1/2"]
[WhiteElo "2446"]
[BlackElo "2562"]
[PlyCount "38"]
[EventDate "2007.10.28"]
[EventType "team"]
[EventRounds "9"]
[EventCountry "GRE"]
[Source "lmi"]
[SourceDate "2007.10.28"]
[WhiteTeam "Monaco"]
[BlackTeam "Romania"]
[WhiteTeamCountry "MNC"]
[BlackTeamCountry "ROM"]

1. d4 Nf6 2. c4 g6 3. Nc3 d5 4. Nf3 Bg7 5. e3 O-O 6. cxd5 Nxd5 7. Bc4 Nb6 8.
Bb3 N8d7 9. O-O e5 10. Re1 Re8 11. e4 exd4 12. Bg5 Nf6 13. Qxd4 Qxd4 14. Nxd4
h6 15. Bh4 g5 16. Bg3 c6 17. Rad1 Nh5 18. Bc7 Be5 19. Bxe5 Rxe5 1/2-1/2

[Event "European Team-ch 2007"]
[Site "Crete GRE"]
[Date "2007.11.03"]
[Round "6.18"]
[White "Jianu, Vlad-Cristian"]
[Black "Van Hoolandt, Patrick"]
[Result "1-0"]
[WhiteElo "2535"]
[BlackElo "2245"]
[PlyCount "101"]
[EventDate "2007.10.28"]
[EventType "team"]
[EventRounds "9"]
[EventCountry "GRE"]
[Source "lmi"]
[SourceDate "2007.10.28"]
[WhiteTeam "Romania"]
[BlackTeam "Monaco"]
[WhiteTeamCountry "ROM"]
[BlackTeamCountry "MNC"]

1. d4 Nf6 2. c4 e6 3. Nf3 Bb4+ 4. Bd2 c5 5. Bxb4 cxb4 6. g4 b5 7. e3 bxc4 8.
Bxc4 Bb7 9. Nbd2 Qb6 10. Bd3 d5 11. g5 Nfd7 12. Qa4 Nc6 13. Rc1 Rc8 14. Nb3 O-O
15. h4 Rc7 16. Qb5 Rfc8 17. Kd2 Ne7 18. Rxc7 Rxc7 19. Rc1 Qxb5 20. Bxb5 Rxc1
21. Kxc1 Bc6 22. Ba6 Nf5 23. Na5 Ba8 24. Kc2 f6 25. Bb5 Nb6 26. Bd3 Nd6 27.
gxf6 gxf6 28. Nd2 e5 29. Kb3 e4 30. Be2 f5 31. Kxb4 f4 32. Bg4 h5 33. Bxh5 fxe3
34. fxe3 Nf5 35. Nf1 Nxh4 36. b3 Kg7 37. Kb5 Kf6 38. Ka6 Nc8 39. Be8 Nd6 40.
Bd7 Ke7 41. Bh3 Kd8 42. Kxa7 Kc7 43. Kxa8 Kb6 44. b4 Kb5 45. a3 Ka4 46. Ka7
Kxa3 47. Nc6 Kb3 48. Kb6 Kc4 49. Bg4 Kd3 50. Kc5 Nc4 51. Ne5+ 1-0

[Event "European Team-ch 2007"]
[Site "Crete GRE"]
[Date "2007.11.03"]
[Round "6.18"]
[White "Iclicki, Willy"]
[Black "Berescu, Alin"]
[Result "0-1"]
[WhiteElo "2147"]
[BlackElo "2508"]
[PlyCount "68"]
[EventDate "2007.10.28"]
[EventType "team"]
[EventRounds "9"]
[EventCountry "GRE"]
[Source "lmi"]
[SourceDate "2007.10.28"]
[WhiteTeam "Monaco"]
[BlackTeam "Romania"]
[WhiteTeamCountry "MNC"]
[BlackTeamCountry "ROM"]

1. d4 Nf6 2. c4 e6 3. Nc3 Bb4 4. Qc2 d5 5. cxd5 exd5 6. Bg5 Nbd7 7. e3 c5 8.
Bd3 Qa5 9. Bxf6 Nxf6 10. Nge2 c4 11. Bf5 O-O 12. O-O g6 13. Bxc8 Raxc8 14. Qa4
Qxa4 15. Nxa4 b5 16. Nac3 Rb8 17. a4 Bxc3 18. bxc3 b4 19. cxb4 Rxb4 20. Nc3 a5
21. f3 Re8 22. Rfe1 Rd8 23. Red1 Ne8 24. e4 Nc7 25. Rd2 Kf8 26. Kf2 Ke7 27. Re1
Kd7 28. exd5 Re8 29. Rxe8 Nxe8 30. Ne4 f5 31. Nc5+ Kd6 32. Ke3 Nc7 33. Rc2 Kxd5
34. Rc3 f4+ 0-1

[Event "European Team-ch 2007"]
[Site "Crete GRE"]
[Date "2007.11.03"]
[Round "6.18"]
[White "Murariu, Andrei"]
[Black "Rapaire, Jean-Michel"]
[Result "1-0"]
[WhiteElo "2503"]
[BlackElo "1966"]
[PlyCount "69"]
[EventDate "2007.10.28"]
[EventType "team"]
[EventRounds "9"]
[EventCountry "GRE"]
[Source "lmi"]
[SourceDate "2007.10.28"]
[WhiteTeam "Romania"]
[BlackTeam "Monaco"]
[WhiteTeamCountry "ROM"]
[BlackTeamCountry "MNC"]

1. e4 c5 2. c3 d6 3. d4 cxd4 4. cxd4 Nf6 5. Nc3 g6 6. h3 Bg7 7. Nf3 O-O 8. Be2
Nc6 9. O-O a6 10. a4 h6 11. Be3 Kh7 12. d5 Nb8 13. a5 Nbd7 14. Nd2 b5 15. axb6
Nxb6 16. Nb3 Nfd7 17. Qd2 Bb7 18. Na5 Qb8 19. Ra3 Nc5 20. Rfa1 Bxc3 21. Qxc3
Nbd7 22. f3 Rc8 23. Qe1 Nf6 24. b4 Ncd7 25. Nxb7 Qxb7 26. Bxa6 Rxa6 27. Rxa6
Rc4 28. Ra7 Qxb4 29. Qxb4 Rxb4 30. Rc7 g5 31. Raa7 Kg6 32. Rxd7 Nxd7 33. Rxd7
Kf6 34. Kh2 Rc4 35. Bb6 1-0

[Event "European Team-ch 2007"]
[Site "Crete GRE"]
[Date "2007.11.03"]
[Round "6.19"]
[White "Berend, Fred"]
[Black "Savva, Panikos"]
[Result "1-0"]
[WhiteElo "2344"]
[BlackElo "2099"]
[PlyCount "63"]
[EventDate "2007.10.28"]
[EventType "team"]
[EventRounds "9"]
[EventCountry "GRE"]
[Source "lmi"]
[SourceDate "2007.10.28"]
[WhiteTeam "Luxembourg"]
[BlackTeam "Cyprus"]
[WhiteTeamCountry "LUX"]
[BlackTeamCountry "CYP"]

1. d4 d5 2. c4 c6 3. Nf3 Nf6 4. e3 a6 5. b3 Bg4 6. Be2 e6 7. O-O Nbd7 8. Bb2
Be7 9. Nc3 O-O 10. h3 Bh5 11. Rc1 Rc8 12. g4 Bg6 13. Nh4 c5 14. Nxg6 hxg6 15.
cxd5 exd5 16. Bf3 cxd4 17. Qxd4 Bc5 18. Qf4 Qe7 19. Nxd5 Nxd5 20. Bxd5 Bd6 21.
Qe4 Rxc1 22. Rxc1 Qh4 23. Qxg6 Bh2+ 24. Kg2 Be5 25. Bxe5 Nxe5 26. Qf5 Qe7 27.
Rc8 g6 28. Rxf8+ Kxf8 29. Qc8+ Kg7 30. Qxb7 Qf6 31. Be4 Qh4 32. Qc8 1-0